000 00624nam a2200229Ia 4500
003 OSt
005 20221007075016.0
006 a|||||r|||| 00| 0
007 ta
008 221006b |||||||| |||| 00| 0 eng d
024 _a2,553
037 _cTextual
040 _aFLL
_cFLL
_beng
041 _2eng
_aeng
082 _aZ2,3, P1.1
100 _aBhadbhade Nilima Au.
245 0 _aIndian contract & specific relief acts
260 _aNew Delhi
_bButter worths India
_c2001
650 _aLaw of contract
_9681440
942 _hZ2,3, P1.1
_cTEXL
_2CC
999 _c1154478
_d1154478